LEADER 00782nam0-22003011i-450- 001 990006473510403321 005 20001010 035 $a000647351 035 $aFED01000647351 035 $a(Aleph)000647351FED01 035 $a000647351 100 $a20001010d--------km-y0itay50------ba 101 0 $aita 105 $ay-------001yy 200 1 $a<>Enigma Ciad$fGian Carlo Costadoni 210 $aMilano$cOttaviano$d1980. 215 $a256 p.$d22 cm 225 1 $aIndipendenza e sviluppo$v3 676 $a967 700 1$aCostadoni,$bGian Carlo$0408719 801 0$aIT$bUNINA$gRICA$2UNIMARC 901 $aBK 912 $a990006473510403321 952 $aCOLLEZ. 706 (3)$b17538$fFSPBC 959 $aFSPBC 996 $aEnigma Ciad$9651872 997 $aUNINA DB $aGEN01 LEADER 01697nam 2200457Ia 450 001 9910703244703321 005 20110920074756.0 035 $a(CKB)4970000000024989 035 $a(OCoLC)753686682 035 $a(EXLCZ)994970000000024989 100 $a20110920d2011 ua 0 101 0 $aeng 135 $aurmn||||||||| 181 $ctxt$2rdacontent 182 $cc$2rdamedia 183 $acr$2rdacarrier 200 10$aDodd-Frank Wall Street Reform Act$b[electronic resource] $erole of the Governmental Accounting Standards Board in the municipal securities markets and its past funding /$f[Paula M. Rascona, Orice Williams Brown] 210 1$aWashington, DC :$cU.S. Govt. Accountability Office,$d[2011] 215 $a1 online resource (42 pages) $cillustrations 300 $aTitle from PDF title screen (viewed Aug. 25, 2011). 300 $a"January 18, 2011." 300 $a"GAO-11-267R." 320 $aIncludes bibliographical references. 517 $aDodd-frank Wall Street Reform Act 606 $aMunicipal bonds$zUnited States 606 $aBond market$zUnited States 606 $aState governments$xAccounting$xStandards 606 $aLocal finance$xAccounting$xStandards 615 0$aMunicipal bonds 615 0$aBond market 615 0$aState governments$xAccounting$xStandards. 615 0$aLocal finance$xAccounting$xStandards. 700 $aRascona$b Paula M$01412452 701 $aWilliams$b Orice M$01382459 712 02$aUnited States.$bGovernment Accountability Office. 801 0$bGPO 801 1$bGPO 906 $aDOCUMENT 912 $a9910703244703321 996 $aDodd-Frank Wall Street Reform Act$93519248 997 $aUNINA